000 00512nam a2200181Ia 4500
001 4955
005 20260306145832.0
008 260306t2012||||xx |||||||||||||| ||spa||
041 _aESP
082 _a332.042
_bS744
100 _aShiller, Robert J.
_eAUT
245 0 _aLas finanzas en una sociedad justa:
_bdejemos de condenar el sistema financiero y, por el bien común, recuperémoslo
260 _c2012
300 _a444 páginas :
_c23 cm.
650 _aGEN
654 _aCAN
942 _cLIB
_dJUS
_fJUS
_2ddc
_n
999 _c4955
_d4955